00586nam a2200181Ia 4500001003000000003000900030008004100039040002300080041001300103100002000116245004200136250001500178260003600193300001900229490002300248501012400271520000900395282.082 092-CRI lu sc (12188)IT-MiSPE171229s9999||||xx |||||||||||||| ||und|| aIT-MiSPEcIT-MiSPE aITALIANO aLuigi Crivelli  0aSchusterbUn monaco prestato a Milano a1a ed. (v) aCinisello B.mobSan Paoloc1996 a236 p. c22 cm aTempi e figurev25 aEdizioni San Paolo srl - Piazza Soncino, 5 - 20092 CINISELLO BALSAMO (MI) (non commercial uses only) ® Copyright 2018 aTav.